Những lần đổi họ lớn trong lịch sử Việt Nam cổ trung đại /

Gorde:
Xehetasun bibliografikoak
Egile nagusia: Nguyễn Mậu Hùng.
Formatua: Artikulua
Hizkuntza:Vietnamese
Gaiak:
Etiketak: Etiketa erantsi
Etiketarik gabe, Izan zaitez lehena erregistro honi etiketa jartzen!
Thư viện lưu trữ: Thư viện Trường Đại học Đà Lạt
LEADER 00906nam a2200337 4500
001 DLU060055596
040 # # |a DLU  |b vie 
041 # # |a vie 
044 # # |a vn 
100 # # |a Nguyễn Mậu Hùng. 
245 # # |a Những lần đổi họ lớn trong lịch sử Việt Nam cổ trung đại /  |c Nguyễn Mậu Hùng. 
653 # # |a Dòng họ 
653 # # |a Lịch sử trung đại 
653 # # |a Nhà Lý 
653 # # |a Nhà Mạc 
653 # # |a Nhà Nguyễn 
653 # # |a Nhà Trần 
773 # # |t Văn hoá dân gian  |g Số 3, 2006, tr. 11-19 
920 # # |a Phòng Tạp chí -- Trung tâm Thông tin - Thư viện Trường Đại học Đà Lạt 
933 # # |a DP 
933 # # |a LS 
933 # # |a VN 
994 # # |a DLU 
900 # # |a True 
911 # # |a Nguyễn Thị Minh Cầm 
925 # # |a G 
926 # # |a A 
927 # # |a BB 
980 # # |a Thư viện Trường Đại học Đà Lạt